header

The British in Egypt (Record no. 80901)

MARC details
000 -LEADER
fixed length control field 01389nam a2200337Ia 4500
100 1# - MAIN ENTRY--AUTHOR NAME
Personal name Mak, Lanver.
245 14 - TITLE STATEMENT
Title The British in Egypt
260 ## - PUBLICATION, DISTRIBUTION, ETC. (IMPRINT)
Place of publication London ;
-- New York :
Name of publisher I.B. Tauris,
Year of publication 2012.
300 ## - PHYSICAL DESCRIPTION
Number of Pages xvi, 318 p. :
Other physical details ill., map.
490 1# - SERIES STATEMENT
Series statement International library of historical studies ;
650 #0 - SUBJECT ADDED ENTRY--TOPICAL TERM
Topical Term British
Topical Term British
856 40 - ELECTRONIC LOCATION AND ACCESS
Uniform Resource Identifier http://site.ebrary.com/lib/rucke/Doc?id=10572538

No items available.

© 2026 Rongo University
Contact us: librarian | system librarian | Rongo university